UM Logo

Perspective on applied linguistics in language and literature (Record no. 144)

MARC details
000 -LEADER
fixed length control field 00624nam a2200241Ia 4500
003 - CONTROL NUMBER IDENTIFIER
control field OSt
005 - DATE AND TIME OF LATEST TRANSACTION
control field 20230520115744.0
008 - FIXED-LENGTH DATA ELEMENTS--GENERAL INFORMATION
fixed length control field 151016s9999 xx 000 0 und d
020 ## - INTERNATIONAL STANDARD BOOK NUMBER
International Standard Book Number 9.7816809416e+012
040 ## - CATALOGING SOURCE
Transcribing agency 1
082 ## - DEWEY DECIMAL CLASSIFICATION NUMBER
Classification number DC 418
Item number P467
245 ## - TITLE STATEMENT
Title Perspective on applied linguistics in language and literature
260 ## - PUBLICATION, DISTRIBUTION, ETC. (IMPRINT)
Place of publication, distribution, etc. New York
260 ## - PUBLICATION, DISTRIBUTION, ETC. (IMPRINT)
Name of publisher, distributor, etc. Arcler Press LLC
260 ## - PUBLICATION, DISTRIBUTION, ETC. (IMPRINT)
Date of publication, distribution, etc. c2015
300 ## - PHYSICAL DESCRIPTION
Extent viii, 230 pages:
300 ## - PHYSICAL DESCRIPTION
Other physical details illustrations;
300 ## - PHYSICAL DESCRIPTION
Dimensions 25 cm.
504 ## - BIBLIOGRAPHY, ETC. NOTE
Bibliography, etc includes index.
650 ## - SUBJECT ADDED ENTRY--TOPICAL TERM
Topical term or geographic name as entry element Applied Linguistics
9 (RLIN) 48399
700 ## - ADDED ENTRY--PERSONAL NAME
Personal name Edward Morgan
Relator term Editor
9 (RLIN) 48400
942 ## - ADDED ENTRY ELEMENTS (KOHA)
Institution code [OBSOLETE] DDC
Source of classification or shelving scheme Dewey Decimal Classification
Koha item type Circulation
Holdings
Withdrawn status Lost status Source of classification or shelving scheme Damaged status Not for loan Collection code Home library Current library Date acquired Source of acquisition Total Checkouts Full call number Barcode Date last seen Copy number Price effective from Koha item type
    Dewey Decimal Classification     Circulation UM Digos College - LIC UM Digos College - LIC 08/28/2015 Purchased   DC 418 P467 2015 23340 06/08/2021 1 10/27/2015 Circulation